Military-technical revolution: its impact on strategy and foreign policy (Record no. 364960)

000 -LEADER
fixed length control field 00444cam a22001337a 4500
008 - FIXED-LENGTH DATA ELEMENTS--GENERAL INFORMATION
fixed length control field 180718b1966 xxu||||| |||| 00| 0 eng d
082 ## - DEWEY DECIMAL CLASSIFICATION NUMBER
Classification number N11x47 Er44m
245 ## - TITLE STATEMENT
Title Military-technical revolution: its impact on strategy and foreign policy
Statement of responsibility, etc. edited by John Erickson...[et.al.]
260 ## - PUBLICATION, DISTRIBUTION, ETC.
Place of publication, distribution, etc. New York
Name of publisher, distributor, etc. Praeger
Date of publication, distribution, etc. 1966
300 ## - PHYSICAL DESCRIPTION
Extent 284p.
650 ## - SUBJECT ADDED ENTRY--TOPICAL TERM
Topical term or geographic name entry element U.S.S.R. - Foreign relations
650 ## - SUBJECT ADDED ENTRY--TOPICAL TERM
Topical term or geographic name entry element U.S.S.R. - Military policy
700 ## - ADDED ENTRY--PERSONAL NAME
Personal name Erickson, John
Holdings
Withdrawn status Lost status Damaged status Not for loan Permanent Location Current Location Date acquired Full call number Barcode Date last seen Price effective from Koha item type
        Indian Institute of Public Administration Indian Institute of Public Administration 1994-04-15 N11x47 Er44m 39989 2018-07-21 2018-07-21 Book

Powered by Koha